[Event "Cto. España Absoluto"]
[Site "?"]
[Date "2007.11.09"]
[Round "1"]
[White "Fernandez Siles, Luis"]
[Black "Illescas Cordoba, Miguel"]
[Result "0-1"]
[WhiteElo "2310"]
[BlackElo "2598"]
[PlyCount "60"]
[EventDate "2007.11.09"]
[SourceDate "2007.11.09"]

1. d4 Nf6 2. c4 e6 3. Nc3 Bb4 {Defensa Nimzoindia} 4. e3 {
La clásica variante Rubinstein} b6 5. Nge2 Ba6 {La variante Bronstein} 6. a3
Bxc3+ 7. Nxc3 d5 8. b3 O-O 9. Bd3 c5 10. dxc5 bxc5 11. O-O Nc6 12. cxd5 Bxd3
13. Qxd3 exd5 14. Na4 ({Tras} 14. Rd1 d4 15. Na4 Qd5 16. exd4 cxd4 17. Bf4 Nh5
18. Bd2 Ne5 {el juego se equilibró} 19. Qh3 Nf6 20. Rac1 d3 21. Nc5 Ne4 22.
Nxe4 Qxe4 23. Re1 Qd5 24. Qe3 Ng6 25. Rc4 Rfd8 26. Bc3 h6 27. h3 ({mejor} 27.
Rd4 Qxb3 28. Qxd3) 27... Rac8 {tomando la iniciativa} 28. Rxc8 Rxc8 29. Ba1 d2
30. Rd1 Nh4 31. Qg3 Nf5 32. Qg4 Re8 33. Kh2 Re1 34. Bc3 Qd6+ 35. g3 Qd5 36.
Rxe1 dxe1=Q 37. Bxe1 Nd4 38. Qc8+ Kh7 39. h4 Nf3+ 40. Kh3 Nxe1 {
0-1 Van Beek-Dyce. Escocia 1995}) 14... c4 {Lo más sencillo; podía intentarse}
(14... Qd6 15. Qc3 Ng4 16. f4 Rfe8 17. Qxc5 Qe6) 15. Qc2 (15. bxc4 Ne5) 15...
Na5 16. bxc4 Nxc4 17. Bb2 Rc8 {Tomando la iniciativa} 18. Qe2 Nxb2 19. Nxb2 ({
otra posibilidad era} 19. Qxb2 Rc4 20. Nc3 d4 21. exd4 Qxd4 22. Rac1 Rfc8 23.
Qb7 $8 Qe5 $15) 19... Qa5 20. a4 Rc3 21. Rfc1 Rfc8 {Diagrama #} 22. Rxc3 (22.
Qe1 $5 h6 23. Rxc3 Qxc3 24. Qxc3 Rxc3 25. Nd1) 22... Qxc3 23. Rd1 Qb3 24. h3 (
24. Qd2) 24... h6 25. Rd3 ({la alternativa era} 25. Kh2 Ne4 26. Rd3 Qb8+ 27.
Kg1 Rc1+ 28. Nd1 Qb4 29. Kh2 Qc4) 25... Qa2 26. Rd1 Qb3 27. Rd3 Rc1+ 28. Kh2
Qa2 29. f3 ({Una nueva debilidad; resistía algo más} 29. Qd2 Qa1 30. Nd1 Ne4
31. Qe2 Qe5+ 32. Kg1 a5 $17) 29... Nh5 $17 {Diagrama #} 30. Rd4 $4 (30. g3 Qb1
31. Nd1 Qb8 32. f4 Nf6) 30... Rh1+ 0-1

[Event "Cto. España Absoluto"]
[Site "?"]
[Date "2007.11.09"]
[Round "1"]
[White "Moreno Ruiz, Javier"]
[Black "Gomez Esteban, Mario"]
[Result "1-0"]
[WhiteElo "2466"]
[BlackElo "2490"]
[PlyCount "72"]
[EventDate "2007.11.09"]
[SourceDate "2007.11.09"]

1. d4 d5 2. c4 e6 3. Nc3 Be7 4. cxd5 exd5 5. Bf4 c6 6. Qc2 Nf6 7. e3 Nbd7 8. h3
Nf8 9. Nf3 ({Para no cambair el alfil, como en} 9. Bd3 Ng6 10. Bh2 Bd6 11. Bxd6
Qxd6 12. O-O-O O-O 13. g4 Re8 14. Nge2 Bd7 15. Ng3 Rxe3 16. fxe3 Qxg3 17. e4
dxe4 18. Nxe4 Nxe4 19. Bxe4 Be6 20. Kb1 Rd8 21. Qc5 Qe3 22. Bf5 a6 23. Qb6 Rd7
24. Rhe1 Qf3 25. d5 cxd5 26. Bxe6 fxe6 27. Qxe6+ Qf7 28. Rd4 Qxe6 29. Rxe6 Ne7
30. Rf4 g6 31. Rff6 Kg7 32. Rd6 Rc7 33. Rf2 Nc6 34. Rxd5 Re7 35. a3 h6 36. Rd6
Ne5 37. Re2 Kf7 38. Rb6 {1-0 Topalov-Lputian, Batumi 1999}) 9... Ng6 10. Bh2
Bd6 11. Ne5 Qe7 ({Dejando por fin de jugar como Lputian, sin embargo parece
mejor reservar b6 para la Dama para presionar en d4:} 11... O-O 12. f4 c5 13.
Bd3 cxd4 14. exd4 Qb6 15. Qf2 Ne4 $4 16. Bxe4 Bxe5 17. dxe5 dxe4 18. Qxb6 axb6
19. O-O Bd7 20. Nxe4 Bc6 21. Nd6 Nh4 22. Rf2 g6 23. Bg3 Nf5 24. Nxf5 gxf5 25.
Bh4 h6 26. a3 Kh7 27. Rd1 Rg8 28. Rd4 b5 29. Rfd2 Ra4 30. g3 Rxd4 31. Rxd4 Ra8
32. Be7 Rc8 33. Bb4 Be4 34. Bc3 h5 35. g4 hxg4 36. hxg4 Rg8 37. g5 Bc6 38. Kf2
Re8 39. Ke3 Kg6 40. Rd2 Re6 41. Rh2 {1-0 Bareev-Lputian,Yerevan 1996}) 12. f4
O-O 13. Bd3 {El blanco está listo para enrocar y jugar g4} c5 14. O-O a6 15. g4
{Ataca d5 pero incurre en debilidades} cxd4 16. exd4 Bb8 {
cede d5 y prepara la presión sobre d4} 17. g5 Ne8 ({A considerar} 17... Nh5 18.
Nxd5 Qd8 19. Bxg6 hxg6 20. Qxc8 Qxd5 21. Qc5 Qe4 22. Rae1 Qf5 23. Qb4 Ba7 {
con equilibrio}) 18. Nxd5 Qd8 {Diagrama #} 19. Bc4 $6 ({Era interesante} 19.
Qxc8 {si} Bxe5 (19... Qxd5 20. Qc5) 20. Qc5 $1 Rc8 21. Ne7+ $1 Nxe7 (21... Qxe7
22. Qxc8) 22. Qxe5 Nc6 23. Qe3 Nxd4 24. Rad1 {con pareja de alfiles}) 19...
Bxh3 20. Rf3 Be6 21. Ne3 Bxc4 $6 (21... Nh4 $1 22. Rg3 Qxd4 23. Bxe6 fxe6 24.
Qb3 Bxe5 25. Qxe6+ Kh8 26. Qxe5 Nf3+ 27. Rxf3 Qxe5) (21... Qxd4 $2 22. Nxg6
hxg6 23. Bxe6 fxe6 24. Rd1 Qb6 25. Qxg6 $16) 22. Qxc4 Ba7 23. Rd1 Nd6 24. Qd3
Nb5 25. d5 Nd4 (25... Rc8 $5 26. Kh1 Nd6 {
es una buena disposición para las piezas negras}) 26. Rh3 Re8 27. Kh1 Rc8 28.
Qe4 (28. N5g4 $5) 28... Nb5 29. N3g4 Nd6 30. Qd3 Nf8 {
Un tanto pasivo; Ac5 era la alternativa} 31. Bg1 (31. f5 $1 Qxg5 32. Nh6+ gxh6
33. Rg3) 31... Bxg1 32. Rxg1 {Diagrama #} Rc5 $4 (32... Ng6) 33. Nf6+ $1 gxf6
34. gxf6+ Ng6 35. Nxg6 fxg6 36. Rxg6+ Kf7 1-0

[Event "Cto. España Absoluto"]
[Site "?"]
[Date "2007.11.09"]
[Round "1"]
[White "Lariño Nieto, David"]
[Black "San Segundo carrillo, Pablo"]
[Result "0-1"]
[WhiteElo "2428"]
[BlackElo "2536"]
[PlyCount "72"]
[EventDate "2007.11.09"]
[SourceDate "2007.11.09"]

1. e4 c6 2. d4 d5 3. e5 Bf5 4. Be3 Qb6 5. b3 e6 6. Nf3 c5 7. Nc3 Qa5 8. Bd2 Qd8
9. Bb5+ Nd7 10. Na4 Bg4 11. dxc5 Ne7 12. h3 Bxf3 13. Qxf3 Nc6 14. Qe3 Qc7 15.
f4 a6 16. Bd3 d4 17. Qg3 a5 {
Impide b4. Tras g6 el negro estará en consiciones de reanudar el asedio a c5}
18. O-O g6 19. Kh1 Nxc5 20. Bb5 Nxa4 21. Bxa4 Bc5 {Diagrama #} 22. f5 {
Una jugada un tanto impulsiva, tras} (22. c3 O-O 23. Rac1 {
el blanco tendría buen juego}) 22... gxf5 23. Qg5 Be7 (23... h6 $5 24. Qf6 Rg8
25. c3 Be7 26. Qxh6 Qxe5) 24. Qg7 Rf8 {Tras el inminente 0-0-0 no se aprecia
la compensación por la entrega, pero Lariño volverá a abrir el juego} 25. c3 d3
26. Rf4 O-O-O 27. Rc4 Rd5 28. b4 (28. Bxc6 bxc6 29. Re1 h5 30. Rd4 {
era una buena continuación}) 28... b5 {ofreciendo tablas} 29. Bxb5 Rxb5 30. a4
Rd5 {Diagrama #} 31. Bg5 $4 ({Pierde; posiblemente al blanco no le gustó} 31.
b5 Qxe5 32. Rxc6+ Kb7 33. Qxe5 Rxe5 34. c4 Rc5 35. Rxc5 Bxc5 36. Bxa5 e5 $17)
31... Qxe5 ({Incluso} 31... d2 32. Bxd2 Rxd2 33. b5 Qd8 34. Rxc6+ Kb7) 32. Qh6
$6 (32. Qxe5 Rxe5 33. Bxe7 (33. Rxc6+ Kd7 34. Bxe7 Kxc6 35. Bxf8 d2 $19) 33...
d2 34. Bh4 Kb7 $19) 32... Kd7 33. b5 Nd8 34. b6 Bxg5 35. Qxg5 Nc6 36. Rd1 d2 {
Diagrama #} 0-1

[Event "Cto. España Absoluto"]
[Site "?"]
[Date "2007.11.09"]
[Round "1"]
[White "Andres Gonzalez, Alberto"]
[Black "Narciso Dublan, Marc"]
[Result "1-0"]
[WhiteElo "2435"]
[BlackElo "2546"]
[PlyCount "93"]
[EventDate "2007.11.09"]
[SourceDate "2007.11.09"]

1. e4 e5 2. Nf3 Nc6 3. Nc3 Nf6 4. a3 Be7 5. d4 exd4 6. Nxd4 O-O 7. Be2 d5 8.
exd5 Nxd5 9. Nxc6 (9. Nxd5 Qxd5 10. Nxc6 Qxc6 11. Bf3 Qg6 12. O-O Bd6 13. Be3
Bf5 14. Bh5 Qf6 15. Bd4 Be5 16. Bxe5 Qxe5 17. Re1 Qxb2 18. Rb1 Qxa3 19. Rxb7
Qc5 20. Bf3 Rae8 21. Rxe8 Rxe8 22. g4 Be6 23. Qd3 Bc4 24. Qc3 a5 25. Rb1 h6 26.
Rd1 Re5 27. Rd4 Be6 28. Rd8+ Kh7 29. Be4+ g6 30. Qxc5 Rxc5 31. f3 Kg7 32. Kf2
h5 33. h3 Kf6 34. Kg3 Ke5 35. Bd3 Rd5 36. Ra8 Kd4 37. Ra7 Rc5 38. f4 hxg4 39.
hxg4 Bd5 40. f5 g5 41. Ra6 Ke3 42. Ra7 Be4 43. Bxe4 Kxe4 44. Ra8 Rc3+ {
0-1 Czarnota,D-Kuzmin,G/Cappelle la Grande 2003/CBM 092 ext}) 9... bxc6 10. Ne4
Bf5 (10... f5 11. Nd2 Bf6 12. O-O Rb8 13. Rb1 Be6 14. Bf3 Qc8 15. Nb3 Rd8 16.
Qe1 Bf7 17. Na5 Bc3 18. Bd2 Rxb2 19. Bxc3 Rxb1 20. Qxb1 Nxc3 21. Qa1 Ne4 22.
Nxc6 Re8 23. Re1 Qa6 24. Ne5 Qf6 25. Nxf7 Qxf7 26. Qd4 c5 27. Qa4 Nd6 28. Rxe8+
Qxe8 29. Qb3+ Kf8 30. Qc3 Qe7 31. Bd5 Nb5 32. Qd2 Qe5 33. h3 Nd4 34. c4 g6 35.
Qh6+ Qg7 36. Qd2 Qe5 37. Qa5 Qe7 38. Qa6 Kg7 39. Qa5 Kf6 40. Qd2 Kg7 41. Kh1
Qe5 42. Kg1 Qe7 43. g3 Qe5 44. Kg2 Qe7 45. h4 h5 46. Qa5 f4 47. gxf4 Nf5 48.
Qa6 Nxh4+ 49. Kf1 Nf5 50. Qc8 {ZÜ 1-0 Emmerich,F-Huisl,W/Hessen 1991/GER}) 11.
Ng3 Bg6 12. O-O Qd6 13. Bd3 Rfd8 14. Qf3 Bxd3 15. Qxd3 Qc5 16. Ne4 Qb5 17. c4
Qa6 18. Qc2 Nb6 19. b3 Nd7 20. Bb2 Nf8 21. Rfe1 Ne6 22. Ng3 Bf8 23. Nf5 c5 24.
Rad1 Rxd1 25. Rxd1 Rd8 26. Rxd8 Nxd8 27. Qd2 Qg6 28. Qd5 Ne6 29. g3 h5 30. h4
Qg4 31. Qe5 Kh7 32. Kg2 Bd6 $6 ({parece mejor} 32... Qd1 33. Qe4 Kg8 34. Qe5
Bd6 (34... Qxb3 $2 35. Nh6+ Kh7 36. Nxf7) ({es posible} 34... Kh7)) 33. Nxd6
cxd6 34. f3 (34. Qxd6 Qe4+ 35. Kh2 Qe2 36. Qe5 Qxf2+) 34... Qg6 35. Qe4 f5 36.
Qc2 f4 37. Qxg6+ Kxg6 38. g4 {Diagrama #} Nd4 $2 (38... Kh6 39. b4 g5 40. Bf6
gxh4 41. Bxh4 cxb4 42. axb4 Nd4 43. Be7 $16) 39. Bxd4 cxd4 40. gxh5+ Kxh5 41.
b4 Kxh4 42. c5 dxc5 43. bxc5 d3 44. Kf2 g5 45. c6 g4 46. c7 g3+ 47. Kg2 1-0

[Event "Cto. España Absoluto"]
[Site "?"]
[Date "2007.11.09"]
[Round "1"]
[White "Llanes Hurtado, Miguel"]
[Black "Del Rio de Angelis, Salvador G"]
[Result "1/2-1/2"]
[WhiteElo "2459"]
[BlackElo "2512"]
[PlyCount "126"]
[EventDate "2007.11.09"]
[SourceDate "2007.11.09"]

1. d4 Nf6 2. c4 e6 3. Nf3 c5 4. d5 exd5 5. cxd5 g6 6. Nc3 Bg7 7. Bf4 d6 8. Qa4+
Bd7 9. Qb3 b5 10. Bxd6 Qb6 11. Be5 O-O 12. e3 c4 13. Qd1 b4 14. Nb1 Bb5 15. a4
Ba6 16. Nbd2 c3 17. bxc3 Nxd5 18. Bxg7 Kxg7 19. cxb4 (19. c4 Nc3 20. Qc2 Re8
21. Nb1 Ne4 22. Nbd2 Nc3 23. Nb1 Ne4 24. Nbd2 {
1/2-1/2 Welin,T-Cramling,P/Stockholm 1987/EXT 97}) 19... Re8 {Diagrama #} (
19... Bxf1 20. Kxf1 Nxb4 21. h4 h5 22. Qb3 N8c6 23. Nc4 Qa6 24. Kg1 Rab8 25.
Kh2 Nd5 26. Qd3 Rfd8 27. Rhc1 Ncb4 28. Qf1 Nf6 29. Kg1 Ng4 30. Nce5 Qf6 31.
Nxg4 hxg4 32. Ng5 Nd3 33. Rc7 Ne5 34. Rb1 Rh8 35. Rxb8 Rxb8 36. Qc1 Rb2 37. Ne4
Qb6 38. Qc3 Rb1+ 39. Kh2 Qb2 40. Qxb2 Rxb2 41. Rxa7 Kf8 42. Kg3 Nd3 43. Rd7 Nc1
44. Nd6 f5 45. h5 gxh5 46. Nxf5 Ne2+ 47. Kh4 Nc3 48. a5 Ra2 49. Kxh5 Rxa5 50.
Kxg4 Ne4 51. Rd8+ Kf7 52. Nd6+ {
1-0 Kuzmin,A-Womacka,M/Catalan Bay 2004/CBM 098 ext}) 20. b5 Nc3 21. Nc4 $8
Nxd1 22. Nxb6 axb6 23. Rxd1 Bb7 24. Rd4 Re4 25. Bd3 $6 (25. Rd6 Rexa4 26. Nd2
Rb4 (26... Ra1+ 27. Ke2 R8a5 28. Rd8 (28. Rxb6 Rxb5 29. Rxb5 Ba6 30. f3 Bxb5+
31. Kf2 $16) 28... Ra8 29. f3 $18) 27. f3 $16) 25... Rxd4 26. Nxd4 Rxa4 (26...
Bxg2 27. Rg1 Bb7 28. Bc2) 27. O-O Nd7 28. Bc2 Ra3 29. e4 Nc5 30. f3 Bc8 31. Rd1
Bd7 32. Rb1 Ra2 33. Bb3 Rd2 34. Nc6 f5 35. Bd5 Nd3 36. g3 fxe4 37. Bxe4 Nc5 38.
Ne5 Be6 39. Bc6 g5 {Diagrama #} 40. Ng4 (40. Rf1 $5) (40. Ra1) 40... Bxg4 41.
fxg4 Rd4 42. Ra1 Ra4 43. Rd1 (43. Rxa4 Nxa4 44. Kf2 Kf6 45. Ke3 Ke5 46. h4 h6)
43... Rxg4 44. Rd8 Rb4 45. Rb8 Na4 46. Rb7+ Kh8 47. Kf2 h6 48. Ke3 Kg8 49. Ra7
Nc3 50. Ra6 Na4 51. Be4 Nc3 52. Bc6 Na4 53. Kd2 Kg7 54. Bf3 Rb2+ 55. Ke3 Nc3
56. Bc6 Nxb5 57. Rxb6 Rb3+ 58. Kd2 Nd4 59. Rxb3 Nxb3+ 60. Kc3 Nc5 61. Kd4 Ne6+
62. Ke5 Nf8 63. Kf5 Nh7 1/2-1/2

[Event "Campeonato de España de Ajedrez"]
[Site "Ayamonte"]
[Date "2007.11.09"]
[Round "1"]
[White "Mascaro March, Pedro"]
[Black "Lopez Martinez, Josep"]
[Result "1-0"]
[WhiteElo "2370"]
[BlackElo "2563"]
[PlyCount "115"]
[EventDate "2007.??.??"]
[SourceDate "2007.11.09"]

1. d4 Nf6 2. c4 e6 3. Nc3 Bb4 4. Nf3 c5 5. g3 O-O 6. Bg2 cxd4 7. Nxd4 d5 8.
cxd5 Nxd5 9. Qb3 Na6 10. O-O Nxc3 11. bxc3 Be7 12. Ba3 e5 13. Bxb7 (13. Nf3
Bxa3 14. Qxa3 Qc7 15. Rab1 Re8 16. Ng5 h6 17. Ne4 Rd8 18. c4 Rb8 19. c5 Bf5 20.
Rbc1 Bxe4 21. Bxe4 Qe7 22. Rc3 Nc7 23. c6 Qxa3 24. Rxa3 Nb5 25. Rxa7 bxc6 26.
Re7 f6 27. Bxc6 Kf8 28. Rb7 Nd4 29. Rxb8 Rxb8 30. Bd5 Nxe2+ 31. Kg2 Ke7 32. Bf3
Nc3 33. Rc1 Nxa2 34. Rc6 Kd7 35. Ra6 Nc3 36. Ra7+ Ke6 37. Rxg7 e4 38. Bh5 Rb2
39. Rc7 Nd5 40. Bf7+ Kd6 41. Rc1 Ne3+ 42. Kg1 Ng4 {
1/2-1/2 Nielsen,P-Del Rio Angelis,S/Warsaw 2005/CBM 108}) 13... Bxb7 14. Qxb7
Bxa3 15. Qxa6 Bb2 16. Rab1 Bxc3 17. Nc6 Qf6 18. Rb3 Bd4 19. e3 Bb6 20. Rc1 Qe6
(20... e4 21. Qa4 Rfe8 22. Rb4 Qe6) 21. Qc4 Rfe8 22. a4 Qxc4 23. Rxc4 Re6 (
23... e4) 24. Rd3 a5 25. Rd7 Kf8 26. Rb7 Bd8 27. Kg2 g6 28. Rd7 Bb6 29. Rd5 Bc7
30. Rd7 Bb6 31. Kf3 {Diagrama #} Ke8 ({se imponía} 31... e4+ 32. Ke2 h5) 32.
Rb7 Bd8 33. Ke4 Bf6 34. Kd5 {Diagrama #} Bg7 $2 (34... Be7 35. Nb8 $18) 35. Kc5
$2 (35. Nb8 $18) 35... Rf6 36. Rc2 Bf8+ 37. Kb5 Rc8 (37... e4) 38. Rb8 (38. Ra7
) 38... Rxb8+ 39. Nxb8 Bb4 40. Nc6 Be1 41. Nxa5 e4 (41... Rxf2 42. Rxf2 Bxf2
43. Nc4 f5 44. a5 Kd8 45. Kc6 Kc8 46. Kd5 Kb7 47. Kxe5 Ka6) 42. Nc4 Kd8 43. g4
$6 (43. a5 $18) 43... Kc7 $2 (43... Rxf2 44. Rxf2 Bxf2 45. Kc6 $18) 44. Nd2+
Kb7 45. Nxe4 Rb6+ 46. Kc4 f5 47. Nc5+ Ka7 48. Nd3 Ba5 49. gxf5 gxf5 50. Kd5 Rh6
51. f3 Bb6 52. e4 fxe4 53. fxe4 Bg1 54. e5 Rh4 55. Ne1 Rd4+ 56. Kc6 Rxa4 57.
Nf3 Bb6 58. e6 1-0

[Event "Campeonato de España de Ajedrez"]
[Site "Ayamonte"]
[Date "2007.11.09"]
[Round "1"]
[White "Llaneza Vega, Marcos"]
[Black "Oms Pallise, Josep"]
[Result "0-1"]
[WhiteElo "2426"]
[BlackElo "2506"]
[PlyCount "266"]
[EventDate "2007.??.??"]
[SourceDate "2007.11.09"]

1. e4 e5 2. Nf3 Nc6 3. Bb5 Nf6 4. O-O Nxe4 5. d4 Nd6 6. Bxc6 dxc6 7. dxe5 Nf5
8. Qe2 {rehusando entrar en 8.Dxd8+} Nd4 9. Qd1 Nxf3+ 10. Qxf3 Qh4 11. Re1 (11.
Bf4 Be7 12. Nc3 Qg4 13. Qe3 Bf5 14. f3 Qg6 15. Ne4 O-O 16. Rfe1 b6 17. Kh1 Rad8
18. Rad1 Bxe4 19. Qxe4 Qxe4 20. fxe4 Rxd1 21. Rxd1 Rd8 22. Rd3 Rxd3 23. cxd3
Bc5 24. e6 fxe6 25. Bxc7 Bd4 26. b3 Kf7 27. g3 Ke7 28. Kg2 Kd7 29. Bb8 c5 30.
Kf3 Kc6 31. Ke2 Kb5 32. a4+ Kc6 33. h3 a6 34. Kd2 b5 35. axb5+ Kxb5 {
1/2-1/2 Fucek-Scarella/Villa Ballester 1997}) 11... Qg4 12. Qe3 Qg6 13. c4 Be6
14. b3 b6 15. Nc3 O-O-O 16. Ne4 Bb4 17. Bd2 Bxd2 18. Nxd2 Qd3 {
persiguiendo con empeño el esquema estratégico de la variante berlinesa} 19.
Ne4 Qxe3 20. Rxe3 h6 21. h4 Rd4 22. Rae1 Rhd8 23. f3 a5 24. a4 c5 25. Kf2 Bf5
26. g4 Be6 27. Kg3 h5 28. Ng5 $11 Kd7 ({
No está suficientemente justificado esta entrega; podía jugarse} 28... Rh8) 29.
gxh5 Ke7 30. Nxe6 Kxe6 31. f4 Rh8 32. Kg4 g6 33. hxg6 fxg6 34. Kg5 Rdd8 35. Rg1
Rdf8 36. Rd1 Rf5+ 37. Kg4 Rhf8 38. Rf3 Rh8 39. Rh3 Rhf8 40. Rf3 Rh8 41. Rd5
Rhf8 42. Rf2 R5f7 43. Rf3 Rf5 44. Rd2 Rh8 45. Rg3 Ke7 46. Rgd3 Rhf8 47. Rf3 Ke6
48. Rg2 R8f7 {Diagrama #} 49. Kh3 {esta entrega de peón conduce a...} Rxf4 50.
Rxf4 Rxf4 51. Rxg6+ Kxe5 {...este final aparentemente ventajoso, pero...} 52.
Rg4 $6 ({Una jugada ilógica, mejor} 52. h5 Rf1 53. Kg4 Rg1+ 54. Kh4 Rh1+ 55.
Kg5 Rh3 56. Rc6 (56. h6 Rg3+ 57. Kh5 Rh3+ 58. Kg4 Rh1 59. Rc6 Rh2 $11) 56...
Rg3+ 57. Kh6 (57. Kh4 Rxb3 58. h6 Rb1 59. Rxc7 Kf5 60. h7 Rh1+ 61. Kg3 Kg6 62.
Kf4 $16)) 52... Rd4 53. h5 Kf5 54. h6 $2 ({se imponía} 54. Rg1 Rd6 55. Kh4 Rd4+
56. Kh3) 54... Rd1 55. Rg7 Rh1+ 56. Kg3 Rxh6 57. Rxc7 Rd6 58. Kf2 Rd2+ 59. Ke3
Rb2 60. Rc6 Rxb3+ 61. Kd2 Ke5 62. Rh6 Ra3 63. Rxb6 Kd4 64. Kc2 Rxa4 65. Rh6
Kxc4 66. Rh4+ Kb5 67. Rh8 Rg4 68. Rb8+ Kc4 69. Kb2 Rg3 70. Rb7 a4 71. Rc7 Rb3+
72. Kc2 Rb6 73. Rc8 a3 74. Ra8 Rb2+ 75. Kc1 Rb3 76. Kc2 Rb2+ 77. Kc1 Kb3 78.
Rb8+ Kc3 79. Rh8 Rg2 80. Kb1 c4 81. Ra8 Kb3 82. Rb8+ Kc3 83. Ra8 Rb2+ 84. Kc1 {
Diagrama #} Rb3 $2 ({ganaba} 84... Kb3 85. Rb8+ Ka2 86. Rc8 Rh2 87. Rb8 (87.
Rxc4 Kb3 88. Rc8 Rh1+ 89. Kd2 a2 $18) 87... c3 88. Rb7 Rb2 89. Rc7 Kb3 $18 {
a estos efectos recomiendo el libro de Jesús De la Villa, "Los 100 finales que
hay que saber"}) 85. Ra7 Kb4 86. Rb7+ Kc5 87. Ra7 Rh3 88. Kb1 Kd4 89. Ra8 Rg3
90. Ra7 Rd3 91. Ra4 Rb3+ 92. Kc2 Kc5 93. Ra8 Rb2+ 94. Kc3 Rb3+ 95. Kc2 Rg3 96.
Rc8+ Kd5 97. Rd8+ Ke6 98. Ra8 Rd3 99. Ra4 Kd5 100. Ra8 Re3 101. Rd8+ Ke4 102.
Rc8 Kd4 103. Rd8+ Kc5 104. Rc8+ Kb5 105. Rb8+ Ka5 106. Ra8+ Kb6 107. Ra4 Kb5
108. Ra8 Kb6 109. Ra4 Kc5 110. Kc1 (110. Ra8) 110... Rh3 111. Kb1 Kd4 112. Ra8
Kd3 113. Rd8+ Kc3 114. Rd1 $2 (114. Ka2 Rd3 115. Rh8 Rd7 116. Kb1 Ra7 117. Ka2)
114... Kb3 115. Rc1 Rh2 116. Ka1 Ra2+ 117. Kb1 Rb2+ 118. Ka1 Rg2 119. Rb1+ Kc3
120. Rc1+ Rc2 121. Rh1 Kb3 122. Rb1+ Rb2 123. Rc1 Re2 124. Rb1+ Kc2 125. Rc1+
Kd3 126. Rd1+ Rd2 127. Rh1 c3 128. Rh3+ Kc4 129. Rh8 c2 130. Rc8+ Kd3 131. Rd8+
Ke2 132. Re8+ Kd1 133. Rc8 Rd7 0-1

[Event "Campeonato de España de Ajedrez"]
[Site "Ayamonte"]
[Date "2007.11.09"]
[Round "1"]
[White "Huerga Leache, Mikel"]
[Black "Khamrakulov, Ibragim"]
[Result "0-1"]
[WhiteElo "2440"]
[BlackElo "2604"]
[PlyCount "160"]
[EventDate "2007.??.??"]
[SourceDate "2007.11.09"]

1. e4 c6 2. Nc3 d5 3. d4 dxe4 4. Nxe4 Nd7 5. Ng5 Ngf6 6. Bd3 e6 7. Qe2 Bd6 8.
N1f3 h6 9. Ne4 Nxe4 10. Qxe4 Nf6 11. Qe2 Qc7 12. Bd2 b6 13. O-O-O Bb7 14. Kb1
O-O-O 15. c4 Kb8 16. Bc3 c5 17. Ne5 cxd4 18. Bxd4 Bc5 19. Bc3 a5 (19... Ka8 20.
Bc2 Rc8 21. f3 Rhd8 22. Rxd8 Rxd8 23. Rd1 Bd6 24. h4 Ne8 25. Ba4 f6 26. Ng4 Qe7
27. Nf2 Bc7 28. Rxd8+ Bxd8 29. Qd3 a5 30. Ne4 f5 31. Nd2 Nd6 32. Bxg7 e5 33.
Bxh6 e4 34. Qe3 Qe6 35. Bb3 f4 36. Bxf4 Nf5 37. Qe1 e3 38. g4 Bxh4 39. Qe2 Bf2
40. gxf5 Qxf5+ 41. Bc2 Qxf4 42. Ne4 Bh4 43. Bd3 Ka7 44. a3 Be7 45. Ka2 Bf8 46.
Kb1 Bg7 47. Ka2 Bc6 48. Kb1 Qe5 49. Nc3 Qg5 50. Ne4 Qg1+ 51. Qf1 Qh2 52. Qe2
Qf4 53. Ka2 a4 54. Kb1 Be8 55. Qg2 Qe5 56. Nc3 Qd4 57. Qc2 Kb7 58. Ka2 Bc6 59.
Qe2 Bh6 60. Ne4 Be8 61. Ka1 Bh5 62. Ka2 Bf7 63. Qc2 b5 64. Qc3 Qd8 65. Ka1 Bf4
66. cxb5 Kb8 67. Nc5 Ka7 68. Qb4 Qd5 69. Qa5+ Kb8 70. Na6+ Kc8 71. Qc3+ Kd8 72.
Nb4 Qg5 73. Qd4+ Ke8 74. b6 Qg1+ 75. Bb1 Bg6 76. Nd3 Bh2 77. b7 Kf7 78. f4 Bxd3
79. Qxd3 Bxf4 80. Qf5+ Kg7 81. Qxf4 e2 82. Qe5+ Kf7 83. Qxe2 Qb6 84. Qc4+ {
1-0 Leks-Gunina/Herceg Novi 2005}) 20. f4 Bb4 21. Bxb4 axb4 22. Bc2 g5 23. fxg5
(23. Rxd8+ Rxd8 24. Rf1) 23... hxg5 24. Nd3 (24. Qe3 $5) 24... Rxh2 25. Rxh2
Qxh2 26. Qf2 Ng4 27. Qxb6 Qd6 {Diagrama #} 28. Qxd6+ $6 ({
confiando en empatar el siguiente final, pero parece mejor} 28. Qb5 Ne3 29. Rd2
Rh8 30. a3) 28... Rxd6 29. Nxb4 Rxd1+ 30. Bxd1 Ne3 31. Kc1 Bxg2 $17 32. Be2 f5
33. Kd2 f4 34. c5 e5 35. Bh5 e4 36. Nc6+ Kc7 37. Nd4 Bh3 38. b4 Nc4+ $6 (38...
Nd5) 39. Ke2 (39. Kc3 Ne5 40. Nb5+ Kc6 41. a4) 39... Ne5 40. a3 $6 (40. Nb5+
Kc6 41. a4) 40... Bd7 $19 41. b5 g4 42. a4 g3 (42... f3+ 43. Kf2 Nd3+ 44. Kf1 (
44. Kg3 f2 45. Kg2 g3 46. Be2 Nf4+ 47. Kxg3 Nxe2+ 48. Kxf2 Nxd4 49. Ke3 Nb3 50.
c6 Bf5) 44... Nxc5) 43. c6 Bh3 44. a5 {Diagrama #} f3+ 45. Nxf3 exf3+ 46. Bxf3
g2 47. b6+ Kd6 48. b7 Kc7 49. Bxg2 Bxg2 50. a6 Nxc6 51. a7 Kxb7 52. a8=Q+ Kxa8
53. Kf2 Bd5 54. Ke3 Kb7 55. Kf4 Kc7 56. Ke3 Kd6 57. Kd3 Ke5 58. Kc3 Ke4 59. Kc2
Kd4 60. Kb2 Kd3 61. Ka1 Kc3 62. Kb1 Nd4 63. Ka1 Nc2+ 64. Kb1 Bc4 65. Kc1 Ba2
66. Kd1 Nd4 67. Ke1 Bd5 68. Kd1 (68. Kf2 Nf5 69. Kg1 Kd3 70. Kh2 Ke3 71. Kh3
Bf3) 68... Be4 69. Kc1 Ne2+ 70. Kd1 Kd3 71. Ke1 Ke3 72. Kd1 Bd3 73. Ke1 Bc2 74.
Kf1 Nf4 75. Ke1 Ng2+ 76. Kf1 Kf3 77. Kg1 Bd3 78. Kh2 Nf4 79. Kg1 Kg3 80. Kh1
Ba6 {mate en dos} 0-1